Fifth Edition Dungeons and Dragons Races - Statistics

General Stats
  • This quiz has been taken 102 times
  • The average score is 29 of 44
Answer Stats
Hint Answer % Correct
Thin humanoids with pointed ears that often have penchants for magic and arrogance. Elf
100%
The only specie of humanoid to exist in real life. Human
100%
Short humanoids known for their beards and love of treasure and ale. Dwarf
98%
A mixture of the first two races of humanoid, often known for being uncannily charming but untrusted by both parents' species. Half-Elf
96%
Large, green or gray-skinned humanoids known for raiding in the name of their god. Orc
96%
A mixture of the previous race and the first race of humanoid, often known for being less temperamental than the former but stronger than the latter. Half-Orc
93%
Short humanoids that share most characteristics with humans, known for going on long adventures before settling down. Halfling
92%
Short humanoids with pointed ears and affinities for tinkering, magic, or both. Gnome
91%
Humanoids that have their lower halves replaced by the body of a horse. Centaur
88%
Small humanoids with pointed ears known for causing mischief and working with two similar species of humanoid. Goblin
87%
Humanoids that can often trace their lineage to the Nine Hells. Tiefling
85%
Large, scaled humanoids known for their breath weapons. Dragonborn
82%
Horned humanoids with pointed ears and goat's legs. Satyr
78%
Small, draconic humanoids known for worshiping dragons like gods. Kobold
77%
Cat-like humanoids that are known for their curiosity. Tabaxi
75%
Small, winged humanoids with affinities for magic. Fairy
74%
Humanoids that are given gifts by the angels. Aasimar
71%
Raven-like humanoids with a knack for mimicry. Kenku
71%
Large, bovine-like humanoids known for their anger and navigational skills. Minotaur
71%
Humanoids born from genie parents with elemental ties. Genasi
69%
Large, mountain-dwelling humanoids that can trace their lineage and heritage to giants. Goliath
68%
Lizard-like humanoids that are known for their lack of empathy. Lizardfolk
68%
Turtle-like humanoids known for their travels and wisdom. Tortle
68%
Humanoids that are made from metal and gears instead of flesh and blood. Warforged
68%
Humanoids with pointed ears and large noses with a desire for conquest. Hobgoblin
67%
Bird-like humanoids from the Plane of Air that are known for their flight. Aarakocra
66%
Humanoids known for their shapeshifting and uncanny natural forms. Changeling
66%
A specie of humanoid from the Astral Plane that is known for raiding and being aggressive. Githyanki
58%
Humanoids that love the natural world and that can tie their ancestry to giants. Firbolg
57%
Large, hairy humanoids with pointed ears and a surprising amounts of stealth. Bugbear
56%
Elephant-like humanoids known for being gentle giants. Loxodon
54%
Amphibious humanoids from the Plane of Water that seek to serve justice in the depths. Triton
53%
Lion-like humanoids known for being nomadic warriors. Leonin
52%
Owl-like humanoids known for their silent flight and affinities for magic. Owlin
52%
Humanoids born from parents that suffered from lycanthropy. Shifter
52%
A specie of humanoid from Limbo known for their monasteries and strong sense of order. Githzerai
47%
Frog-like humanoids that live in moist regions and need to keep their skin moist to stay alive. Grung
45%
Rabbit-like humanoids that are known for their luck and leaping. Harengon
41%
Humanoids who were experimented on, leaving them with features akin to those of aquatic animals. Simic Hybrid
31%
Snake-like humanoids whose ancestors worshiped evil serpentine gods. Yuan-Ti Pureblood
31%
Humanoids with their souls tied to spirits from another plane of existence. Kalashtar
30%
Fish-like humanoids with partial amphibiousness that have gone through many hardships. Locathah
26%
Blue-skinned humanoids known for their intelligence, wisdom, and the fact that they're amphibious. Vedalken
26%
Humanoids known for their constantly changing bodies thanks to the strange magic affecting them. They are from the Acquisitions Incorporated sourcebook. Verdan
22%
No matching quizzes found
Score Distribution
Percent of People with Each Score
Percentile by Number Answered
Your Score History
You have not taken this quiz